书目信息 |
| 题名: |
真理符合论的困难及其解决
|
|
| 作者: | 郭继海 | |
| 分册: | ||
| 出版信息: | 北京 中国社会科学出版社 2003 |
|
| 页数: | 247 | |
| 开本: | 21cm | |
| 丛书名: | ||
| 单 册: | ||
| 中图分类: | B023.3 | |
| 科图分类: | ||
| 主题词: | 辩证唯物主义 | |
| 电子资源: | ||
| ISBN: | 7-5004-3958-X | |
| 000 | 00532nam0 2200181 450 | |
| 001 | 0760515518 | |
| 005 | 20070817164835.51 | |
| 010 | @a7-5004-3958-X@d¥20.00 | |
| 100 | @a20070817d km y0chiy0120 ea | |
| 101 | 0 | @achi |
| 200 | 1 | @a真理符合论的困难及其解决@Azhen li fu he lun de kun nan ji qi jie jue@f郭继海@Fguo ji hai |
| 210 | @a北京@c中国社会科学出版社@d2003 | |
| 215 | @a247@d21cm | |
| 606 | 0 | @a辩证唯物主义 |
| 690 | @aB023.3@v3 | |
| 701 | 0 | @a郭继海@Aguo ji hai |
| 801 | 0 | @aCN@bPFT@c20070817 |
| 905 | @a213230@dB023.3@eg24@f1 | |
| 真理符合论的困难及其解决/郭继海.-北京:中国社会科学出版社,2003 |
| 247;21cm |
| ISBN 7-5004-3958-X:¥20.00 |
| ● |
| 相关链接 |
|
|
|
|
正题名:真理符合论的困难及其解决
索取号:B023.3/g24
 
预约/预借
| 序号 | 登录号 | 条形码 | 馆藏地/架位号 | 状态 | 备注 |
| 1 | 6500200 | 265002007 | 经管系资料室/ [索取号:B023.3/g24] | 在馆 |